000 00570nam a2200205 i 4500
001 73677
003 ES-MaACL
005 20240320062527.0
007 t|
008 040909s1956 sp ||||1| spa d
100 1 _aGómez de la Serna, Ramón,
_d1888-1963
_957901
245 1 0 _aCartas a mí mismo /
_cRamón Gómez de la Serna.
250 _a[1ª ed.].
260 _aBarcelona :
_bA.H.R.,
_c[1956] (
_fHostench)
300 _a143 p. ;
_c21 cm.
490 1 _aAmanecer
830 0 _aAmanecer
_9181036
852 _aES-MaACL
_jC-10357
_bR.38526
999 _c73677
_d73677